00350 a2200109 4500020002200000035001300022037004500035082000800080245009000088260003600178300002600214 a8131704173c95.00 aB-211492 bRP-ZLS-2771 / UBH-07-08:6 / RP-07-08:ENG14a8801 aThe individual and societybessays, stories and poemscedited by Vinay Sood...(et al) aDelhibDorling Kindersleyc2006 ax, 251 pc22 cm (pbk)